000
00291nam a22001337a 4500
003
SGT
082
_a
616.89
_b
E05S
100
_a
STEIN, DAN J.
245
_a
EVIDENCE BASED PSYCHOPHARMACOLOGY
260
_a
UK
_b
CAMBRIDGE
_c
2005
300
_a
362
650
_a
PSYCHOLOGY
942
_2
ddc
_c
BK
999
_c
14525
_d
14525